1069 1181 1961 1639 1408 1709 1697 1692 1755 1622 1733 1420 1868 1476 1217 1477 1199 1164 1932 1843 1126 1556 1911 1795 1766 1674 1893 1505 1248 1265 1090 1753 1401 1449 1719 1673 1844 1668 1476 1420 1880 1741 1187 1531 1227 1902 1539 1607 1570 1273 1347 1133 1174 1945 1263 1893 1458 1914 1879 1081 1241 1423 1636 1721 1086 1494 1940 1625 1427 1765 1935 1833 1290 1037 1191 1275 1101 1212 1729 1943 1928 1249 1063 1983 1443 1181 1404 1770 1760 1864 1927 1383 1837 1765 1530 1380 1144 1325 1503 BCNSPRNW ULIB Ver.6.0+V

เปลี่ยนเป็นภาษาไทย

Change to English
 แสดงรายละเอียดบรรณานุกรม
  กลับหน้าหลัก

Brief Record : Get Marc (ISO 2709) : E-mail record : QR code < ปิดหน้าต่าง
LEADER : 00000nam 2200000uu 4500
001    13399122175
003     ULIB
008    130108s2551||||th 000 0 tha d
020    ^a9789740322627
050  4 ^aHA29.5^bร242ส
100 0  ^aระพินทร์ โพธิ์ศรี
245 10 ^aสถิติเพื่อการวิจัย =^bStatistics for research /^cระพินทร์โพธิ์ศรี
246 31 ^aStatistics for research
250    ^aพิมพ์ครั้งที่ 2
260    ^aกรุงเทพฯ :^bสำนักพิมพ์แห่งจุฬาลงกรณ์มหาวิทยาลัย,^c2551.
300    ^a292 หน้า :^bภาพประกอบ ;^c26 ซม. +^eซีดี 1 แผ่น
591    ^aLIMS มีฉบับพิมพ์ครั้งที่ 2 ฉบับปรับปรุง ปี 2551 ไม่มี ซีดี
650  4 ^aสถิติ
945    ^p220^l0^i19637
995    ^aกัณชพร
999    ^aใช้งานได้ทุกระบบ
รายการนี้ยังไม่มีแท็ก
คุณยังไม่ได้ล็อกอิน คุณสามารถมีกิจกรรมร่วมกับเว็บไซต์ได้ แต่ต้องล็อกอินก่อน ::
  ล็อกอิน

รายการสื่อสารสนเทศ

ลำดับที่ ประเภท เลขเรียก/บาร์โค้ด สถานที่ สถานะ
1. การศึกษาทั่วไป
การศึกษาทั่วไป
HA29.5 ร242ส  
  Barcode: 19637
ห้องสมุดวิทยาเขตสวรรค์ประชารักษ์
►หนังสือทั่วไป
บนชั้น

รายการใกล้เคียง
    ผู้แต่ง [ระพินทร์ โพธิ์ศรี]

    หัวเรื่อง [สถิติ]

BibComment


ยังไม่เคยถูกคอมเมนท์

คอมเมนท์ทรัพยากรรายการนี้
  คอมเมนท์: สถิติเพื่อการวิจ..


 Copyright 2026. Bcnsprnw @Library